Ekonomické výsledky hospodárenia podnikov poľnohospodárskej výroby v období pred vstupom do Európskej únie

Stratovosť poľnohospodárstva v roku 2003. Faktory, ktoré k tomu prispeli.

Saved in:
Bibliographic Details
Main Author: Chrastinová, Zuzana
Format: Book Chapter
Language:Slovak
Subjects:
Tags: Add Tag
No Tags, Be the first to tag this record!

MARC

LEADER 00000naa$a2200000$$$4500
001 0020460
005 20231018084632.2
041 0 |a slo 
044 |a SK 
245 1 0 |a Ekonomické výsledky hospodárenia podnikov poľnohospodárskej výroby v období pred vstupom do Európskej únie  |c Zuzana Chrastinová 
520 |a Stratovosť poľnohospodárstva v roku 2003. Faktory, ktoré k tomu prispeli. 
610 2 0 |a osoby fyzické 
610 2 0 |a osoby právnické 
610 2 0 |a podnik poľnohospodársky 
610 2 0 |a hospodárenie podnikové 
610 2 0 |a strata 
610 2 0 |a 2003 
100 1 |a Chrastinová, Zuzana